000 01504nam a2200337 4500
001 280
003 OSt
005 20250528074017.0
008 250315b |||||||| |||| 00| 0 eng d
040 _bpor
041 _hfre
_apor
082 _a843
_bC694v
100 _aColette, Gabrielle Sidonie
_d1873- 1954
240 _aLa Vagabonde
245 _aA Vagabunda /
_cColette, Gabrielle Sidonie ; Tradução Juracy Daisy Marchese
250 _a2 ed.
260 _aSão Paulo
_bAbril
_c1971
300 _a225 p.
490 1 _aOs Imortais da Literatura Universal
520 _aRomance francês, escrito em 1910, descreve a vida de Rennée Néré, uma atriz que rejeita o homem que ama para perseguir, à sua maneira, a independência. Ela sentia-se muito melhor nesse mundo onde não se valorizava o casamento nem as instituições, mas sim a satisfação dos sentidos e a plenitude sexual. É um retrato colorido das casas de espetáculos e os atores do começo do século 20 em Paris. Poético e objetivo, o livro é um incentivo às mulheres para extrair seus desejos, realizar seus sonhos e justificar sua existência.
650 0 _aLiteratura francesa
_9122
650 0 _aClássicos
_977
650 0 _aFeminismo
_9516
650 0 _aRomance Psicológico
_9509
650 0 _aAmor-próprio
_9499
655 0 _aRomance
_923
655 0 _aFicção
_922
700 1 _aMarchese, Juracy Daisy.
_eTRADUTOR
_9517
830 _aOs Imortais da Literatura Universal
_9461
_vvol. 12
942 _2ddc
_n0
_cBK
999 _c280
_d280